000 00514nam a2200193 a 4500
003 BD-DhJNU
005 20250323075352.0
008 240912s1991////njua|oag b |0|1 0|eng||
020 _a0876928017
040 _aBD-DhJNU
_bENG
_cBD-DhJNU
_dBD-DhJNU
082 0 0 _a301 SMS
_223
100 1 _aSmelser, Neil J.
245 1 0 _aSociology /
_cNeil J. Smelser
250 _a4th. ed.
260 _aEnglewood Cliffs :
_bPrentice Hall,
_c1991.
300 _axii, 451 p. :
_bills ;
_c24 cm.
650 _aSociology.
942 _cBK
999 _c1530
_d1530